| 000 | 01708nam1a2200361 i 4500 | ||
|---|---|---|---|
| 001 | RU\NLR\bibl\858535 | ||
| 005 | 20260406092419.0 | ||
| 010 | _a5-902850-01-0 | ||
| 035 | _a(NLR Aleph) 000847237 | ||
| 090 |
_a1457492 _c1457492 |
||
| 100 | _a20051021d2004 k y0rusy50 ca | ||
| 101 | 0 |
_arus _erus _eeng |
|
| 102 | _aRU | ||
| 105 | _a||||z ||||| | ||
| 200 | 1 |
_aИсследование операций поставки _dDelivery operations research _eв 4 ч. _fС.Д. Бодрунов, О.Н. Дмитриев, П.В. Ершевич [и др.] _zeng |
|
| 210 |
_aСанкт-Петербург _cМежгосударственная финансово-промышленная группа "Аэрокосмическое оборудование" _d2004 |
||
| 215 | _d30 | ||
| 300 | _aАвт. также на англ. яз.: Sergey Bodrunov, Oleg Dmitriev, Peter Ershevich et al. | ||
| 463 | 0 | _1001852732 | |
| 463 | 0 | _1001852744 | |
| 463 | 0 | _10011318934 | |
| 510 | 1 |
_6z22790 _aDelivery operations research _zeng |
|
| 606 | 1 |
_aПоставки товаров _9889184 _3RU\NLR\auth\66981 |
|
| 686 | _aУ42(2)1-803.1 | ||
| 701 | 1 |
_4070 _8rus _7ca _aБодрунов _bС. Д. _f1958- _gСергей Дмитриевич _3RU\NLR\auth\7763250 _946180 |
|
| 701 | 1 |
_4070 _8rus _7ca _aДмитриев _bО. Н. _cд-р экон. наук, канд. техн. наук _f1954- _gОлег Николаевич _3RU\NLR\auth\77105661 _988586 |
|
| 701 | 1 |
_aЕршевич _bП. В. _gПетр Викторович _4070 |
|
| 790 | 1 |
_6z22510 _aBodrunov _bS. _f1958- _gSergey Dmitrievič _4070 |
|
| 801 | 0 |
_aRU _bNLR _c20051021 _grcr |
|
| 801 | 1 |
_aRU _bNLR _c20051021 |
|
| 852 |
_aNLR _j2005-8/3006 |
||
| 942 | _cBOOK | ||